Hombre de color /

Guardado en:
Autor Principal: Ruillier, Jerome
Formato: Libro
Publicado: Barcelona : Juventud, 2011
Edición:4
Materias:
Etiquetas: Agregar Etiqueta
Sin Etiquetas, Sea el primero en etiquetar este registro!
LEADER 00535nam a22002055a 4500
001 CEM.cems014582
008 130507s2011##################000#0#####d
005 20210805153205.0
003 CEMS
245 1 0 |a Hombre de color /  |c Jerome Ruillier 
250 |a 4 
260 |a Barcelona :  |b Juventud,  |c 2011 
300 |a 14 p. 
590 |a 1283.015 
020 |a 9788426133571 
100 1 |a Ruillier, Jerome 
653 |a Literatura 
653 |a Literatura infantil 
653 |a Biblioteca TC 
859 |a CEMS  |b BIB. CEMS - 11 de abril  |h TC  |p 1283.015  |t Ej.1